000 00954cab a2200229 4500
001 ABS43978
008 090401t1991 xxu||||| |||| 00| 0 eng d
035 _a(Sirsi) u44539
041 _aeng
100 _aAldridge, T.
245 _aProvisos for forfeiture
260 _c1991
350 _a0
490 _aSolicitors` Journal
_v135(1) 11 January 1991, 13-15(3)
520 _aExamines forfeiture clauses in leases and their relevance to the following situations: misbehaviour of the tenant , arrears of rent and insolvency of the tenant or guarantor. Also considers forfeiture clauses in relation to agricultural holdings and assured shorthold tenancies .
650 _aPROPERTY-LANDLORD AND TENANT-TENANCIES-AGRICULTURAL TENANCIES
650 _aBUSINESS TENANCIES
650 _aPROPERTY-RESIDENTIAL PROPERTY-RESIDENTIAL LANDLORD AND TENANT-RESIDENTIAL TENANCIES
690 _aLandlord and tenant
_96252
942 _n0
948 _c04/03/1997
999 _c28306
_d28306